000 00726nam a2200253Ia 4500
005 20260429112016.0
008 260429s9999||||xx |||||||||||||| ||und||
020 _a9781032505039
041 _aEnglish
082 _a378.125
_bHAR
100 _aHarrison, Laura M.
245 0 _aHelping college students write :
_ba guide for educators /
_cLaura M. Harrison
250 _a1st ed.
260 _aNew Delhi :
_bRoutledge,
_c2025.
300 _axv, 183 p.; pbk
650 _a Composition studies
650 _a Higher education
650 _a Teaching writing
650 _aAcademic writing
700 _a Balarabe, Oumarou Abdoulaye
700 _a Challenger, Becky
700 _a Morgenstern, Erin
942 _cTB
999 _c51869
_d51869